One thousand exercises in probability

Guardat en:
Dades bibliogràfiques
Autors principals: Grimmett, Geoffrey R (Autor), Stirzaker, David R (Autor)
Format: Llibre
Idioma:anglès
Publicat: Oxford Oxford University 2001
Matèries:
Etiquetes: Afegir etiqueta
Sense etiquetes, Sigues el primer a etiquetar aquest registre!

MARC

LEADER 00000nam a2200000 a 4500
001 UCK0468
003 CL-VaPUC
008 041008e20010000UK |||||||||||||||||eng|d
020 |a 0198572212 
082 0 4 |a 519.2  |b GRI  |2 21 
100 |a Grimmett, Geoffrey R  |e author  |9 488440 
700 0 |a Stirzaker, David R  |e author  |9 488441 
245 1 0 |a One thousand exercises in probability 
300 |a 438 p 
942 |c BK 
945 |d 20041008 00:00:00  |a cmena 
260 |a Oxford  |b Oxford University  |c 2001 
650 0 |a Probabilidades   |9 260199 
650 0 |a Teoría de las probabilidades   |9 263762 
650 0 |a Cadenas de Markov  |9 350699 
583 |a last modification  |c 20041008 00:00:00  |k Rodrigo Vera 
999 |c 310905  |d 310903 
952 |0 0  |1 0  |4 0  |6 519_200000000000000_GRI_2001  |7 0  |8 A  |9 379955  |a BIBING  |b BIBING  |d 2019-11-21  |i 399919K  |o 519.2 GRI 2001  |p 399919K  |r 2025-01-20  |w 2019-11-21  |y BK  |k EIB